| 000 | 01664nam a2200241Ia 4500 | ||
|---|---|---|---|
| 003 | Ost | ||
| 005 | 20260507075649.0 | ||
| 008 | 260507s9999||||xx |||||||||||||| ||und|| | ||
| 020 | _a8281329957 | ||
| 040 | _cfsecg | ||
| 041 | _aara | ||
| 082 | _a343.56303 | ||
| 100 |
_aالعلي، عادل فليح _eمؤلف |
||
| 245 | 0 |
_aالمالية العامة والتشريع المالي والضريبي / _c عادل فليح العلي |
|
| 260 |
_aعمان: _bدار الحامد للنشر والتوزيع, _c2003 |
||
| 300 |
_a583 صفحة؛ _bإيضاحات ؛ _c24 سم |
||
| 520 | _aماهية النفقات العامة- تقسيم النفقات العامة- الاثار الإقتصادية للنفقات العامة- ايرادات أملاك الدولة- الرسم- الضرائب- القروض العامة- الإصدار النقدي الجديد- الإعانات الدولية- الضريبة على الدخل- سريان القانون من حيث الأشخاص- سريان القانون من حيث الاموال- التكاليف واجبة الخصم- الدخول المعفاة من ضريبة الدخل- اجراءات تقدير الضريبة على الدخل- التعريف بالضريبة العقارية- وعاء الضريبة- الإعفاءات من الضريبة- إجراء تغيير الضريبة- سعر الضريبة- تحصيل الضريبة- ضمانات التحصيل- تطبيقات ضريبية. | ||
| 653 | _aالتشريع المالي | ||
| 653 | _aالضرائب | ||
| 653 | _aالقانون المالي- العراق | ||
| 653 | _aالمالية العامة | ||
| 942 | _cكتاب | ||
| 999 |
_c45547 _d45547 |
||